Vicente Rocafuerte, humanitario ecuatoriano

Zapisane w:
Opis bibliograficzny
1. autor: Mecum, Kent B.
Format: Texto
Wydane: San José :
Etykiety: Dodaj etykietę
Nie ma etykietki, Dołącz pierwszą etykiete!

MARC

LEADER 00000 a a2200000 04500
001 17715
003
040
090 |a 000700  
100 |a Mecum, Kent B.  
245 |a Vicente Rocafuerte, humanitario ecuatoriano  
260 |a San José :  
300 |a 51 p  
999 |c 1559  |d 1559